ՀՀ Գիտությունների ազգային ակադեմիայի հիմնարար գիտական գրադարան  =   Fundamental Scientific Library of NAS RA

Պետրոսը շրջում է քաղաքում : (Record no. 131874)

MARC details
000 -LEADER
fixed length control field 00850nam a2200205 u 4500
001 - CONTROL NUMBER
control field 000346121
003 - CONTROL NUMBER IDENTIFIER
control field AM-YeHGA
005 - DATE AND TIME OF LATEST TRANSACTION
control field 20250618072152.0
008 - FIXED-LENGTH DATA ELEMENTS--GENERAL INFORMATION
fixed length control field 040623s1979 ai r 000 0 arm d
040 ## - CATALOGING SOURCE
Original cataloging agency AM-YeHGA
041 1# - LANGUAGE CODE
Language code of text/sound track or separate title arm
Language code of original rus
-- gre
090 ## - LOCALLY ASSIGNED LC-TYPE CALL NUMBER (OCLC); LOCAL CALL NUMBER (RLIN)
-- 133240
245 10 - TITLE STATEMENT
Title Պետրոսը շրջում է քաղաքում :
Remainder of title Վիպակ /
Statement of responsibility, etc. Ա. Զեի; Ռուս. թարգմ.՝ Մ. Մալխասյան; Խմբ.՝ Հ.Հ. Դանիելյան; Նկ.՝ Ս.Գ. Սաֆյան.
260 ## - PUBLICATION, DISTRIBUTION, ETC.
Place of publication, distribution, etc. Երևան :
Name of publisher, distributor, etc. Սովետական գրող,
Date of publication, distribution, etc. 1979.
300 ## - PHYSICAL DESCRIPTION
Extent 200 էջ ;
Dimensions 20 սմ.
650 14 - SUBJECT ADDED ENTRY--TOPICAL TERM
Topical term or geographic name entry element Հունական գրականություն
General subdivision Վիպակ
700 1# - ADDED ENTRY--PERSONAL NAME
Personal name Մալխասյան, Մերի
Relator term թարգմ.
Relationship trl
700 1# - ADDED ENTRY--PERSONAL NAME
Personal name Դանիելյան, Հ.Հ.
Relator term խմբ.
Relationship edt
700 1# - ADDED ENTRY--PERSONAL NAME
Personal name Սաֆյան, Սպարտակ Գևորգի,
Dates associated with a name 1929-2001
Relator term նկ.
Relationship art
9 (RLIN) 4028
Holdings
Withdrawn status Lost status Damaged status Not for loan Collection Home library Current library Date acquired Total checkouts Full call number Barcode Date last seen Price effective from Koha item type Public note
        General Fundamental Scientific Library Fundamental Scientific Library 22/12/2016   894.511-93 220062658 22/12/2016 22/12/2016 Գրքեր / Books 30 Days Loan
        General Fundamental Scientific Library Fundamental Scientific Library 22/12/2016   894.511-93 220063873 22/12/2016 22/12/2016 Գրքեր / Books 30 Days Loan


ՀՀ ԳԱԱ հիմնարար գիտական գրադարան
ՀՀ,Երևան 0019
Մարշալ Բաղրամյան 24/6
հեռախոս:(374-10) 52-47-50
Հետադարձ կապ

All site content, except where otherwise noted, is licensed under a
Creative Commons License